Statistiche per Incanto - Tiziano Ferro - Testo Completo

Clicka qui per fare il quiz!

Statistiche generali

  • Questo quiz è stato fatto 20 volte
  • Il punteggio medio è 197 su 284

Statistiche sulle risposte

Risposta% Corretto
a
100%
di
100%
Il
100%
il
100%
in
100%
incanto,
100%
Incanto,
100%
incanto
100%
la
100%
La
100%
Per
100%
per
100%
Se
100%
se
100%
su
100%
Tra
100%
con
92%
E
92%
è
92%
e
92%
fa
92%
me
92%
te
92%
ti
92%
un
92%
anno
83%
come
83%
Come
83%
Far
83%
gli
83%
io
83%
o
83%
Quando
83%
quando
83%
quanto
83%
sei
83%
so
83%
tua
83%
una
83%
visto
83%
al
75%
bisestile
75%
ci
75%
dal
75%
del
75%
Ho
75%
ho
75%
Istantanee
75%
istantanee
75%
lunghi
75%
posi
75%
prima
75%
secondi
75%
si
75%
tace
75%
testa
75%
volta
75%
che
67%
Che
67%
dolore
67%
lo
67%
67%
nel
67%
semplicemente
67%
tutti
67%
altri
58%
dei
58%
delle
58%
dove
58%
Na, na, na,
58%
na, na, na
58%
na, ra
58%
Narana
58%
Naranara,
58%
notte
58%
occhi
58%
sole
58%
soltanto
58%
sparire
58%
sta
58%
tuo
58%
vita
58%
anche
50%
bocca
50%
così
50%
difetto
50%
ed
50%
freddo
50%
male
50%
meritare
50%
meritiamo
50%
nascose
50%
non
50%
pensare
50%
pensiamo
50%
poi
50%
sono
50%
vorrei
50%
cuore,
42%
dividere
42%
Dopo
42%
finire
42%
fissare
42%
gela
42%
l'amore
42%
mesi
42%
milioni
42%
nei
42%
nell'imperfezione
42%
niente
42%
parole
42%
puro
42%
questo
42%
rumore
42%
sapere
42%
sorriso
42%
stupore
42%
tramonto
42%
tuoi
42%
va
42%
volte
42%
accettammo
33%
angolo
33%
Desidero
33%
facciamo
33%
frase
33%
geloso
33%
giganti
33%
insicurezze,
33%
inverno
33%
lungo
33%
maturato
33%
nelle
33%
paura
33%
proteggerò
33%
scatto
33%
secondo
33%
silenzi
33%
sulla
33%
tormenti
33%
bellezza
25%
coraggio
25%
curare
25%
entusiasmi
25%
rancore
25%
scaldare
25%
sconvolge
25%
silenzio
25%
storie
25%
stringo,
25%
dell'amore
17%
Intanto
17%
mestiere
17%
rivivere
17%

Distribuzione punteggi

Percentile per numero di risposta

Percentuale di utenti per punteggio

I tuoi punteggi nel tempo

Non hai fatto questo quiz